000 00687nam a2200241Ia 4500
005 20231128094156.0
008 131103s9999 xx 000 0 und d
020 _a706979826
_cRs.65
040 _aLoreto College
041 _aEnglish
082 _a396
_bDEV
100 _aDevendra,Kiran
245 _aChanging Status of Women in India
_c Kiran Devendra
250 _a3rd rev.ed.
260 _aNew Delhi
_bVikas Publishing House
_c1994
300 _axx,234 p.
504 _aIncludes bibliographical references and index
630 _aIndian Women - Social Conditions
650 _aWomen - Social Conditions
651 _aWomen Studies
850 _aLCLIB
942 _cBK
999 _c11313
_d61792